[Event "Titled Tuesday intern op 31st Jan Early"]
[Site "Chess.com INT"]
[Date "2023.01.31"]
[Round "2"]
[White "Ibarra Jerez, Jose Carlos"]
[Black "Ibrahimov, Rasul"]
[Result "0-1"]
[WhiteElo "2563"]
[BlackElo "2527"]
[PlyCount "88"]
[EventDate "2023.01.31"]
[EventType "swiss (blitz)"]
[EventRounds "11"]
[EventCountry "USA"]
[SourceTitle "CBM 212 Extra"]
[Source "ChessBase"]
[SourceDate "2023.03.31"]
[SourceVersion "1"]
[SourceVersionDate "2023.03.31"]
[SourceQuality "1"]

1. e4 c5 2. Nf3 d6 3. d4 cxd4 4. Nxd4 e6 5. Nc3 a6 6. Be3 b5 7. a4 b4 8. Na2 Bb7 9. f3 Nf6 10. Qd2 d5 11. e5 Nfd7 12. f4 a5 13. Bb5 Bc5 14. Nc1 0-0 15. Ncb3 Bb6 16. 0-0 Nc5 17. Nxc5 Bxc5 18. f5 exf5 19. Nxf5 Bxe3+ 20. Qxe3 Bc8 21. Nd6 Be6 22. Rad1 Nd7 23. Qg3 Nc5 24. Kh1 Qb6 25. Qe3 Nxa4 26. Rd4 Nxb2 27. h4 Nc4 28. Bxc4 dxc4 29. h5 h6 30. Rf3 Kh8 31. Rg3 Rg8 32. Qf4 b3 33. cxb3 cxb3 34. Rd1 b2 35. Rb1 a4 36. Nxf7+ Bxf7 37. Qxf7 a3 38. Qa2 Qc5 39. e6 Qc1+ 40. Kh2 Qxb1 41. Qxb1 a2 42. Qxb2 a1Q 43. Qxa1 Rxa1 44. e7 Re1 0-1

[Event "Titled Tuesday intern op 31st Jan Early"]
[Site "Chess.com INT"]
[Date "2023.01.31"]
[Round "11"]
[White "Ibrahimov, Rasul"]
[Black "Bilych, Olexiy"]
[Result "0-1"]
[WhiteElo "2527"]
[BlackElo "2416"]
[PlyCount "56"]
[EventDate "2023.01.31"]
[EventType "swiss (blitz)"]
[EventRounds "11"]
[EventCountry "USA"]
[SourceTitle "CBM 212 Extra"]
[Source "ChessBase"]
[SourceDate "2023.03.31"]
[SourceVersion "1"]
[SourceVersionDate "2023.03.31"]
[SourceQuality "1"]

1. Nf3 d5 2. g3 Nf6 3. Bg2 c5 4. 0-0 Nc6 5. d4 cxd4 6. Nxd4 h6 7. c4 e5 8. Nxc6 bxc6 9. Qa4 Bd7 10. Rd1 Be7 11. b3 0-0 12. Ba3 Bxa3 13. Qxa3 d4 14. Nd2 Bg4 15. Nf3 Re8 16. Qc5 Qb6 17. Qxb6 axb6 18. c5 Bxf3 19. exf3 bxc5 20. Rdc1 Ra5 21. f4 e4 22. Rc4 Nd5 23. f5 Nc3 24. b4 cxb4 25. Rxd4 b3 26. Rb4 Rxa2 27. Re1 b2 28. Rb3 Ra1 0-1

[Event "Titled Tuesday intern op 31st Jan Early"]
[Site "Chess.com INT"]
[Date "2023.01.31"]
[Round "9"]
[White "Ioannidis, Evgenios"]
[Black "Ibrahimov, Rasul"]
[Result "1-0"]
[WhiteElo "2476"]
[BlackElo "2527"]
[PlyCount "115"]
[EventDate "2023.01.31"]
[EventType "swiss (blitz)"]
[EventRounds "11"]
[EventCountry "USA"]
[SourceTitle "CBM 212 Extra"]
[Source "ChessBase"]
[SourceDate "2023.03.31"]
[SourceVersion "1"]
[SourceVersionDate "2023.03.31"]
[SourceQuality "1"]

1. d4 Nf6 2. c4 e6 3. Nc3 Bb4 4. Qc2 d6 5. Bd2 c5 6. Nf3 0-0 7. a3 Ba5 8. e3 Nc6 9. Bd3 cxd4 10. exd4 d5 11. c5 h6 12. 0-0 Bc7 13. b4 e5 14. dxe5 Nxe5 15. Nxe5 Bxe5 16. Rae1 Re8 17. h3 Bd7 18. Re2 Qc7 19. Rfe1 Bh2+ 20. Kf1 Bf4 21. Rxe8+ Rxe8 22. Rxe8+ Bxe8 23. g3 Bxd2 24. Qxd2 Qe5 25. Kg1 d4 26. Ne2 Bd7 27. Nf4 g5 28. Qe2 Qxe2 29. Nxe2 Bxh3 30. Nxd4 Bd7 31. b5 Kf8 32. a4 Ke8 33. a5 Kd8 34. b6 axb6 35. cxb6 Bc8 36. Bc4 Ke7 37. Nb5 Ne4 38. Bd5 Nc5 39. Kg2 f5 40. f4 gxf4 41. gxf4 Bd7 42. Nd4 Kd6 43. Bf3 Bc8 44. Kg3 Na6 45. Nb3 Nc5 46. Nd4 Na6 47. Nb5+ Kc5 48. Na7 Be6 49. Bxb7 Nb4 50. Bf3 Bd5 51. b7 Bxb7 52. Bxb7 Nc2 53. a6 Kb6 54. Nc8+ Kc7 55. Ne7 Kb8 56. Nxf5 Nb4 57. Nxh6 Ka7 58. f5 1-0

[Event "Silkway Cup Online"]
[Site "Playchess.com INT"]
[Date "2020.05.28"]
[Round "8"]
[White "Arabidze, Meri"]
[Black "Ibrahimov, Rasul"]
[Result "0-1"]
[WhiteElo "2428"]
[BlackElo "2527"]
[PlyCount "146"]
[EventDate "2020.05.26"]
[EventType "swiss (blitz)"]
[EventRounds "15"]
[EventCountry "AZE"]
[SourceTitle "CBM 196"]
[Source "ChessBase"]
[SourceDate "2020.06.30"]
[SourceVersion "1"]
[SourceVersionDate "2020.06.30"]
[SourceQuality "1"]

1. d4 d5 2. c4 c6 3. Nf3 Nf6 4. Nc3 a6 5. e3 g6 6. Be2 Bg7 7. 0-0 0-0 8. b3 Re8 9. Bb2 e6 10. Rc1 b6 11. Qc2 Bb7 12. Rfd1 Nbd7 13. h3 Rc8 14. e4 dxe4 15. Nxe4 Nxe4 16. Qxe4 Qc7 17. Qc2 e5 18. dxe5 c5 19. e6 Rxe6 20. Bxg7 Kxg7 21. Ng5 Re5 22. f4 Re7 23. Rf1 Rce8 24. Bd3 Re3 25. Rcd1 Nf6 26. Qb2 Rg3 27. Rf2 h6 28. Nf3 Bxf3 29. Rxf3 Rxf3 30. gxf3 Qxf4 31. Qf2 Re3 32. Be2 Qe5 33. Bf1 Qf4 34. Rd8 Rxf3 35. Qe2 Rg3+ 36. Bg2 Re3 37. Qf2 Qe5 38. Ra8 Re1+ 39. Bf1 h5 40. Qf3 a5 41. Ra7 Qg5+ 42. Qg2 Qe3+ 43. Qf2 Qe5 44. Qf3 Qg5+ 45. Qg2 Qf4 46. Qf2 Qxf2+ 47. Kxf2 Re6 48. Rb7 Ne4+ 49. Kg2 Nc3 50. a4 Ne4 51. Bd3 Nd2 52. Bc2 Re3 53. Rxb6 Nxc4 54. bxc4 Re2+ 55. Kg3 Rxc2 56. Rb5 Rxc4 57. Rxa5 Rc3+ 58. Kg2 g5 59. Ra8 Kg6 60. a5 Ra3 61. a6 Kf5 62. a7 h4 63. Kf2 Kf4 64. Ke2 f5 65. Kf2 Ra2+ 66. Kf1 c4 67. Rc8 Rxa7 68. Rxc4+ Kg3 69. Rc3+ Kh2 70. Rf3 g4 71. Rxf5 g3 72. Rg5 Rf7+ 73. Ke2 g2 0-1

[Event "Silkway Cup Online"]
[Site "Playchess.com INT"]
[Date "2020.05.26"]
[Round "1"]
[White "Ibrahimov, Rasul"]
[Black "Mamedjarova, Zeinab"]
[Result "1/2-1/2"]
[WhiteElo "2527"]
[BlackElo "2278"]
[PlyCount "121"]
[EventDate "2020.05.26"]
[EventType "swiss (blitz)"]
[EventRounds "15"]
[EventCountry "AZE"]
[SourceTitle "CBM 196"]
[Source "ChessBase"]
[SourceDate "2020.06.30"]
[SourceVersion "1"]
[SourceVersionDate "2020.06.30"]
[SourceQuality "1"]

1. Nf3 d5 2. g3 c6 3. Bg2 g6 4. 0-0 Bg7 5. d4 Nf6 6. c4 0-0 7. cxd5 cxd5 8. Ne5 Nc6 9. Nc3 Bf5 10. Bg5 Nxe5 11. dxe5 Ne4 12. Nxe4 Bxe4 13. Qd4 Bxg2 14. Kxg2 h6 15. Bd2 Qc7 16. Bc3 Rfd8 17. e3 b6 18. Rfd1 Rac8 19. h4 h5 20. Rd3 Qb8 21. Qf4 Rc4 22. Qf3 Bxe5 23. Rxd5 Bxc3 24. bxc3 Rxc3 25. Rad1 Rcc8 26. Rd7 Re8 27. Rb7 Qa8 28. Rdd7 Kf8 29. Rxa7 Qxf3+ 30. Kxf3 Rc2 31. Rdb7 Rb2 32. Ra6 b5 33. a4 b4 34. Rab6 Rd8 35. Rxb4 Ra2 36. Rb2 Rxa4 37. R7b4 Ra1 38. Rb1 Ra5 39. Rb5 Ra2 40. Rb8 Rxb8 41. Rxb8+ Kg7 42. Rb6 e6 43. Rb5 Kf6 44. e4 Ra3+ 45. Kf4 Ra2 46. f3 Rc2 47. Ra5 Rc3 48. e5+ Kg7 49. Ke4 Rc4+ 50. Ke3 Rb4 51. Rc5 Rb1 52. f4 Rg1 53. Kf2 Ra1 54. Rc7 Ra2+ 55. Kf3 Ra3+ 56. Kf2 Rb3 57. Rd7 Ra3 58. Rc7 Rb3 59. Rd7 Rb2+ 60. Kf3 Rb3+ 61. Kf2 1/2-1/2

[Event "Silkway Cup Online"]
[Site "Playchess.com INT"]
[Date "2020.05.26"]
[Round "4"]
[White "Ibrahimov, Rasul"]
[Black "Melia, Salome"]
[Result "1/2-1/2"]
[WhiteElo "2527"]
[BlackElo "2370"]
[PlyCount "99"]
[EventDate "2020.05.26"]
[EventType "swiss (blitz)"]
[EventRounds "15"]
[EventCountry "AZE"]
[SourceTitle "CBM 196"]
[Source "ChessBase"]
[SourceDate "2020.06.30"]
[SourceVersion "1"]
[SourceVersionDate "2020.06.30"]
[SourceQuality "1"]

1. Nf3 d5 2. d4 g6 3. c4 e6 4. Nc3 Bg7 5. e4 Ne7 6. Be2 0-0 7. 0-0 dxe4 8. Nxe4 Nbc6 9. Bg5 h6 10. Bf6 Bxf6 11. Nxf6+ Kg7 12. Ne4 Nf5 13. d5 exd5 14. cxd5 Nce7 15. Nc3 a6 16. Qd2 b5 17. Rad1 Bb7 18. Qf4 Qd6 19. Qxd6 Nxd6 20. a3 Rad8 21. Rd2 Rfe8 22. Rfd1 Ng8 23. Kf1 Nf6 24. Rd4 Nf5 25. R4d2 Ne4 26. Nxe4 Rxe4 27. Bd3 Ree8 28. Bxf5 gxf5 29. Rd4 Re4 30. R4d3 Kf6 31. d6 cxd6 32. Rxd6+ Rxd6 33. Rxd6+ Re6 34. Rd3 Be4 35. Rc3 Bd5 36. Nd2 Rd6 37. f3 Ba2 38. Ke2 Be6 39. Ke3 a5 40. g3 b4 41. axb4 axb4 42. Rc5 b3 43. f4 Ra6 44. Rc3 Ra2 45. Nxb3 Rxb2 46. Nd4 Rxh2 47. Rc2 Rxc2 48. Nxc2 Ke7 49. Nd4 Kd6 50. Nf3 1/2-1/2

[Event "Silkway Cup Online"]
[Site "Playchess.com INT"]
[Date "2020.05.26"]
[Round "6"]
[White "Mammadzada, Gunay Vuqar Qizi"]
[Black "Ibrahimov, Rasul"]
[Result "1-0"]
[WhiteElo "2443"]
[BlackElo "2527"]
[PlyCount "57"]
[EventDate "2020.05.26"]
[EventType "swiss (blitz)"]
[EventRounds "15"]
[EventCountry "AZE"]
[SourceTitle "CBM 196"]
[Source "ChessBase"]
[SourceDate "2020.06.30"]
[SourceVersion "1"]
[SourceVersionDate "2020.06.30"]
[SourceQuality "1"]

1. e4 c5 2. Nf3 d6 3. d4 cxd4 4. Nxd4 e6 5. c4 Nf6 6. Nc3 Be7 7. g3 Nc6 8. Bg2 Bd7 9. 0-0 0-0 10. Re1 a6 11. a4 Rc8 12. b3 Nxd4 13. Qxd4 Bc6 14. Ba3 Qc7 15. Red1 Rfd8 16. Rac1 Qa5 17. b4 Qh5 18. b5 Be8 19. h3 axb5 20. cxb5 Nd7 21. Bxd6 Bf6 22. Qd2 Rxc3 23. g4 Qh6 24. g5 Rxc1 25. gxh6 Rxd1+ 26. Qxd1 Ne5 27. f4 Nc4 28. e5 Be7 29. Qg4 1-0

[Event "Konyaalti op"]
[Site "Konyaalti"]
[Date "2019.11.22"]
[Round "9"]
[White "Ibrahimov, Rasul"]
[Black "Nigalidze, Gaioz"]
[Result "1/2-1/2"]
[WhiteElo "2518"]
[BlackElo "2472"]
[PlyCount "43"]
[EventDate "2019.11.17"]
[EventType "swiss"]
[EventRounds "9"]
[EventCountry "TUR"]
[SourceTitle "CBM 193 Extra"]
[Source "ChessBase"]
[SourceDate "2020.01.31"]
[SourceVersion "1"]
[SourceVersionDate "2020.01.31"]
[SourceQuality "1"]

1. d4 f5 2. Nf3 Nf6 3. g3 g6 4. b3 Bg7 5. Bb2 0-0 6. c4 d6 7. Bg2 c6 8. 0-0 e5 9. dxe5 Ng4 10. Nbd2 Nxe5 11. Qc2 Nbd7 12. Rad1 Qe7 13. Ba3 Nc5 14. b4 Ne6 15. b5 c5 16. Bb2 Rb8 17. Nb1 b6 18. Nc3 Bb7 19. Nxe5 dxe5 20. e3 e4 21. Nd5 Qf7 22. Rd2 1/2-1/2

[Event "Konyaalti op"]
[Site "Konyaalti"]
[Date "2019.11.21"]
[Round "7"]
[White "Ibrahimov, Rasul"]
[Black "Lortkipanidze, Nodar"]
[Result "1-0"]
[WhiteElo "2518"]
[BlackElo "2377"]
[PlyCount "89"]
[EventDate "2019.11.17"]
[EventType "swiss"]
[EventRounds "9"]
[EventCountry "TUR"]
[SourceTitle "CBM 193 Extra"]
[Source "ChessBase"]
[SourceDate "2020.01.31"]
[SourceVersion "1"]
[SourceVersionDate "2020.01.31"]
[SourceQuality "1"]

1. d4 e6 2. Nf3 b6 3. g3 Bb7 4. Bg2 Nf6 5. c4 g6 6. Nc3 Ne4 7. d5 Nxc3 8. Qd4 f6 9. Qxc3 Qe7 10. 0-0 Bg7 11. Nd4 c6 12. Nb5 Na6 13. Qe3 exd5 14. Nd6+ Kf8 15. Nxb7 dxc4 16. Qf4 d5 17. e4 d4 18. e5 f5 19. Qxd4 Qxb7 20. Qd6+ Qe7 21. Qxc6 Rb8 22. e6 Nc5 23. Bf4 Rd8 24. Rad1 Nd3 25. Qxc4 Nxf4 26. Qxf4 Bf6 27. Rxd8+ Qxd8 28. Rc1 Bg5 29. Qc7 Qe7 30. Qe5 Bf6 31. Qf4 Bg5 32. Rc8+ Kg7 33. Rc7 Bxf4 34. Rxe7+ Kf6 35. Rxa7 Bb8 36. Rb7 Kxe6 37. Rxb6+ Bd6 38. a4 Rc8 39. a5 Rc1+ 40. Bf1 Kd5 41. b4 Be5 42. a6 Bd4 43. Rb7 Rc2 44. Rd7+ Ke4 45. Bg2+ 1-0

[Event "Konyaalti op"]
[Site "Konyaalti"]
[Date "2019.11.19"]
[Round "5"]
[White "Ibrahimov, Rasul"]
[Black "Shanava, Konstantine"]
[Result "1/2-1/2"]
[WhiteElo "2518"]
[BlackElo "2491"]
[PlyCount "26"]
[EventDate "2019.11.17"]
[EventType "swiss"]
[EventRounds "9"]
[EventCountry "TUR"]
[SourceTitle "CBM 193 Extra"]
[Source "ChessBase"]
[SourceDate "2020.01.31"]
[SourceVersion "1"]
[SourceVersionDate "2020.01.31"]
[SourceQuality "1"]

1. e4 c5 2. Nf3 d6 3. Bb5+ Bd7 4. Bxd7+ Qxd7 5. c4 Nf6 6. Nc3 Nc6 7. d4 cxd4 8. Nxd4 Qg4 9. 0-0 Qxd1 10. Rxd1 Rc8 11. Nde2 g6 12. f3 Bg7 13. Be3 0-0 1/2-1/2

[Event "Wch Blitz"]
[Site "Riadh"]
[Date "2017.12.30"]
[Round "16"]
[White "Eljanov, Pavel"]
[Black "Ibrahimov, Rasul"]
[Result "1-0"]
[WhiteElo "2711"]
[BlackElo "2518"]
[PlyCount "93"]
[EventDate "2017.12.29"]
[EventType "swiss (blitz)"]
[EventRounds "21"]
[EventCountry "SAU"]
[SourceTitle "CBM 182 Extra"]
[Source "ChessBase"]
[SourceDate "2018.02.23"]
[SourceVersion "1"]
[SourceVersionDate "2018.02.23"]
[SourceQuality "1"]

1. c4 c5 2. g3 g6 3. Bg2 Bg7 4. Nc3 Nc6 5. e4 e6 6. Nge2 Nge7 7. 0-0 0-0 8. Rb1 d6 9. a3 b6 10. b4 Bb7 11. d3 Qd7 12. Be3 Nd4 13. Qd2 Nxe2+ 14. Nxe2 Rad8 15. Bh6 e5 16. b5 f5 17. Bxg7 Kxg7 18. f4 Ng8 19. a4 Rde8 20. Nc3 Nf6 21. Rbe1 exf4 22. Rxf4 fxe4 23. dxe4 Qe7 24. Rd1 Qe5 25. a5 Rf7 26. axb6 axb6 27. Na4 g5 28. Rf5 Qd4+ 29. Qxd4 cxd4 30. Rxd4 Bxe4 31. Bxe4 Nxe4 32. Rxf7+ Kxf7 33. Nxb6 Kf6 34. Nd5+ Kf5 35. g4+ Kg6 36. b6 Nc5 37. Nc7 Rd8 38. Nb5 Nb7 39. Kf2 Kf6 40. Ke3 Ke6 41. Rd5 h6 42. Nd4+ Kd7 43. Nf5 Kc6 44. Kf3 Rf8 45. Kg3 Rf6 46. Rb5 Re6 47. Nd4+ 1-0

[Event "Wch Blitz"]
[Site "Riadh"]
[Date "2017.12.30"]
[Round "17"]
[White "Ibrahimov, Rasul"]
[Black "Riazantsev, Alexander"]
[Result "0-1"]
[WhiteElo "2518"]
[BlackElo "2650"]
[PlyCount "136"]
[EventDate "2017.12.29"]
[EventType "swiss (blitz)"]
[EventRounds "21"]
[EventCountry "SAU"]
[SourceTitle "CBM 182 Extra"]
[Source "ChessBase"]
[SourceDate "2018.02.23"]
[SourceVersion "1"]
[SourceVersionDate "2018.02.23"]
[SourceQuality "1"]

1. Nf3 d5 2. g3 c6 3. Bg2 Bf5 4. c4 dxc4 5. 0-0 e6 6. a4 Nf6 7. Na3 Bxa3 8. bxa3 Be4 9. Bb2 0-0 10. Qc1 Qd5 11. Bxf6 gxf6 12. Qb2 Nd7 13. Qxb7 Ne5 14. Nxe5 Bxg2 15. Ng4 Qg5 16. Nxf6+ Qxf6 17. Kxg2 Rfc8 18. Rac1 Qd4 19. Qb4 Qe4+ 20. Kg1 Qxe2 21. Rxc4 Qe5 22. Rg4+ Kh8 23. Qb7 Rf8 24. Qxc6 Rad8 25. Qb7 a5 26. Rf4 Kg8 27. Rg4+ Kh8 28. Rf4 Kg8 29. Qb5 Rd5 30. Qb1 Rxd2 31. Rg4+ Kh8 32. Rh4 Qg7 33. Qb5 Rd5 34. Qc4 Rfd8 35. Rf4 Rd4 36. Qc7 R8d7 37. Qb8+ Qg8 38. Qe5+ Qg7 39. Qe3 Rxf4 40. Qxf4 Qd4 41. Qf3 Qxa4 42. Rc1 Qd4 43. h4 Kg7 44. h5 h6 45. Rc6 Qd1+ 46. Kg2 Qxf3+ 47. Kxf3 Rd3+ 48. Kf4 Rxa3 49. Ra6 a4 50. g4 Ra2 51. f3 a3 52. Ra7 Ra1 53. Kg3 Kf6 54. Ra5 a2 55. Kg2 Kg7 56. Ra7 Kf6 57. Ra5 e5 58. Ra6+ Kg5 59. Ra5 f6 60. Ra8 e4 61. fxe4 Kxg4 62. Ra6 Kxh5 63. Ra4 Kg5 64. Kh2 Kf4 65. Kg2 h5 66. Kh2 h4 67. Kg2 h3+ 68. Kh2 Ke3 0-1

[Event "Wch Blitz"]
[Site "Riadh"]
[Date "2017.12.30"]
[Round "12"]
[White "Saeed, Ishaq"]
[Black "Ibrahimov, Rasul"]
[Result "0-1"]
[WhiteElo "2434"]
[BlackElo "2518"]
[PlyCount "124"]
[EventDate "2017.12.29"]
[EventType "swiss (blitz)"]
[EventRounds "21"]
[EventCountry "SAU"]
[SourceTitle "CBM 182 Extra"]
[Source "ChessBase"]
[SourceDate "2018.02.23"]
[SourceVersion "1"]
[SourceVersionDate "2018.02.23"]
[SourceQuality "1"]

1. d4 Nf6 2. c4 e6 3. Nf3 Bb4+ 4. Bd2 a5 5. g3 d5 6. Bg2 0-0 7. 0-0 dxc4 8. Nc3 Nc6 9. Bg5 h6 10. Bc1 Rb8 11. Re1 b5 12. e4 Be7 13. Bf4 Ba6 14. a3 Nh5 15. Be3 Nf6 16. d5 b4 17. axb4 Nxb4 18. Rxa5 exd5 19. e5 Ng4 20. Nxd5 Nxe3 21. Rxe3 Nxd5 22. Rxd5 Qc8 23. e6 fxe6 24. Rde5 Bf6 25. Rxe6 Rxb2 26. Qc1 Qb8 27. Re1 c3 28. Nh4 Bd3 29. Bd5 Kh8 30. Qe3 Bh7 31. Rc1 Rb1 32. Rc6 Rxc1+ 33. Qxc1 c2 34. Kg2 Qb1 35. Qe3 Qb8 36. Nf3 Qd8 37. Be4 Bxe4 38. Qxe4 Qe8 39. Qxc2 Bd8 40. Nh4 Bxh4 41. gxh4 Qf7 42. Rc3 Qf6 43. Rg3 c6 44. h5 Qd6 45. Qc3 Qd5+ 46. Kg1 Qd1+ 47. Kg2 Qd5+ 48. Kg1 Rf7 49. Qb2 Qf5 50. Qb8+ Kh7 51. Qb6 Qe4 52. Qc5 Qd5 53. Qc2+ Qf5 54. Qb2 Qxh5 55. Qc2+ Qf5 56. Qb2 c5 57. Qd2 c4 58. Kg2 c3 59. Rxc3 Qe4+ 60. Kg1 Rf6 61. Rg3 Rb6 62. Qe3 Rb1+ 0-1

[Event "Wch Rapid"]
[Site "Riadh"]
[Date "2017.12.27"]
[Round "6"]
[White "Georgiev, Kiril"]
[Black "Ibrahimov, Rasul"]
[Result "1-0"]
[WhiteElo "2623"]
[BlackElo "2518"]
[PlyCount "57"]
[EventDate "2017.12.26"]
[EventType "swiss (rapid)"]
[EventRounds "15"]
[EventCountry "SAU"]
[SourceTitle "CBM 182 Extra"]
[Source "ChessBase"]
[SourceDate "2018.02.23"]
[SourceVersion "1"]
[SourceVersionDate "2018.02.23"]
[SourceQuality "1"]

1. d4 Nf6 2. Nf3 e6 3. Bf4 b6 4. e3 Bb7 5. h3 g6 6. c4 Bg7 7. Nc3 0-0 8. Be2 d6 9. 0-0 Nbd7 10. Qc2 Qe7 11. Rad1 Nh5 12. Bh2 f5 13. Nd2 a5 14. Rfe1 Qf7 15. Bf3 Bxf3 16. Nxf3 e5 17. dxe5 Nxe5 18. Nxe5 dxe5 19. c5 Rad8 20. Rxd8 Rxd8 21. Rd1 Re8 22. cxb6 cxb6 23. Rd6 b5 24. a4 b4 25. Nb5 e4 26. Rd1 Qa2 27. Bc7 Qxb2 28. Qc4+ Kh8 29. Nd6 1-0

[Event "Wch Rapid"]
[Site "Riadh"]
[Date "2017.12.26"]
[Round "1"]
[White "Ibrahimov, Rasul"]
[Black "Wang, Yue"]
[Result "0-1"]
[WhiteElo "2518"]
[BlackElo "2690"]
[PlyCount "109"]
[EventDate "2017.12.26"]
[EventType "swiss (rapid)"]
[EventRounds "15"]
[EventCountry "SAU"]
[SourceTitle "CBM 182 Extra"]
[Source "ChessBase"]
[SourceDate "2018.02.23"]
[SourceVersion "1"]
[SourceVersionDate "2018.02.23"]
[SourceQuality "1"]

1. Nf3 d5 2. c4 e6 3. d4 Nf6 4. g3 dxc4 5. Qa4+ c6 6. Qxc4 b5 7. Qb3 Bb7 8. Bg2 Nbd7 9. 0-0 a6 10. a4 c5 11. axb5 axb5 12. Rxa8 Qxa8 13. dxc5 Bxc5 14. Qxb5 0-0 15. Nc3 Bc6 16. Ne1 Bxb5 17. Bxa8 Bxe2 18. Nxe2 Rxa8 19. Nd3 Bb6 20. Nc3 h6 21. Kg2 Nc5 22. Rd1 Nce4 23. Nxe4 Nxe4 24. Kf3 Nf6 25. Be3 Bxe3 26. Kxe3 Rb8 27. Ke2 Nd5 28. Rc1 g5 29. h3 Kg7 30. Rc4 h5 31. h4 g4 32. b4 Ra8 33. Rc2 Kf6 34. Rb2 Rb8 35. Kd2 Rb5 36. Rc2 Rb6 37. Rc4 Ra6 38. Nf4 Ra2+ 39. Rc2 Rxc2+ 40. Kxc2 Nxb4+ 41. Kd2 e5 42. Ne2 Ke6 43. Nc3 f5 44. Ke2 Nd5 45. Nb5 Kd7 46. Na3 Nb6 47. Nc2 Ke6 48. Kd3 Nd7 49. Ke2 Nc5 50. Nb4 f4 51. f3 Kf5 52. Nd5 gxf3+ 53. Kxf3 e4+ 54. Kg2 Nd3 55. Ne7+ 0-1

[Event "TUR-chT 1st League"]
[Site "Konya"]
[Date "2017.07.21"]
[Round "7.11"]
[White "Grinev, Valeriy"]
[Black "Ibrahimov, Rasul"]
[Result "1-0"]
[WhiteElo "2433"]
[BlackElo "2532"]
[PlyCount "69"]
[EventDate "2017.07.17"]
[EventType "team-swiss"]
[EventRounds "9"]
[EventCountry "TUR"]
[SourceTitle "CBM 179 Extra"]
[Source "ChessBase"]
[SourceDate "2017.08.23"]
[SourceVersion "1"]
[SourceVersionDate "2017.08.23"]
[SourceQuality "1"]
[WhiteTeam "Ankara Ego"]
[BlackTeam "Antalya Olbia"]
[WhiteTeamCountry "TUR"]
[BlackTeamCountry "TUR"]

1. d4 d5 2. c4 c6 3. e3 Nf6 4. Nc3 g6 5. Nf3 Bg7 6. Be2 0-0 7. 0-0 e6 8. b3 Nbd7 9. Ba3 Re8 10. Rc1 b6 11. cxd5 exd5 12. Bd6 Bb7 13. b4 Re6 14. Bg3 a5 15. Qb3 axb4 16. Qxb4 Bf8 17. Qb3 Ra3 18. Qb2 Qa8 19. Ne5 Ba6 20. Bxa6 Qxa6 21. f4 Nxe5 22. fxe5 Ne4 23. Nxe4 Rxa2 24. Qb1 dxe4 25. Qxe4 f5 26. Qb1 Qa3 27. Rc3 Qb2 28. Qxb2 Rxb2 29. Rfc1 Bh6 30. Kf1 Kf7 31. Rxc6 Bxe3 32. d5 Re7 33. Rd1 Bg5 34. e6+ Kg7 35. Be5+ 1-0

[Event "Rustavi 10"]
[Site "Rustavi"]
[Date "2014.10.28"]
[Round "9"]
[White "Ibrahimov, Rasul"]
[Black "Mirzoev, Azer"]
[Result "0-1"]
[WhiteElo "2527"]
[BlackElo "2549"]
[PlyCount "78"]
[EventDate "2014.10.20"]
[EventType "tourn"]
[EventRounds "9"]
[EventCountry "GEO"]
[EventCategory "8"]
[SourceTitle "EXT 2016"]
[Source "ChessBase"]
[SourceDate "2015.10.08"]
[SourceVersion "1"]
[SourceVersionDate "2015.10.08"]
[SourceQuality "1"]

1. d4 Nf6 2. c4 g6 3. Nc3 Bg7 4. e4 d6 5. Nf3 0-0 6. Be2 e5 7. dxe5 dxe5 8. Qxd8 Rxd8 9. Bg5 Re8 10. Nd5 Nxd5 11. cxd5 c6 12. Bc4 a5 13. a3 Nd7 14. dxc6 bxc6 15. Be3 h6 16. 0-0 Rb8 17. Rab1 Nf8 18. Rfc1 Ne6 19. Bd2 a4 20. Bxe6 Rxe6 21. Rc4 Ba6 22. Rxa4 Bd3 23. Re1 Rxb2 24. Ra8+ Kh7 25. Ra7 Kg8 26. Rd7 Rb3 27. a4 c5 28. a5 c4 29. Rd8+ Kh7 30. Rd5 f6 31. h3 g5 32. g4 Bf8 33. Kg2 Rd6 34. Rxd6 Bxd6 35. Be3 Ra3 36. Bb6 c3 37. Kg1 c2 38. Rc1 Ra2 39. Ne1 Bxe4 0-1

[Event "Rustavi 10"]
[Site "Rustavi"]
[Date "2014.10.27"]
[Round "8"]
[White "Mammadov, Zaur Fazahir Oglu"]
[Black "Ibrahimov, Rasul"]
[Result "1/2-1/2"]
[WhiteElo "2482"]
[BlackElo "2527"]
[PlyCount "66"]
[EventDate "2014.10.20"]
[EventType "tourn"]
[EventRounds "9"]
[EventCountry "GEO"]
[EventCategory "8"]
[SourceTitle "EXT 2016"]
[Source "ChessBase"]
[SourceDate "2015.10.08"]
[SourceVersion "1"]
[SourceVersionDate "2015.10.08"]
[SourceQuality "1"]

1. e4 c5 2. c3 e6 3. d4 d5 4. exd5 exd5 5. Be3 c4 6. b3 cxb3 7. axb3 Bd6 8. Nf3 Nf6 9. Bd3 0-0 10. 0-0 Nc6 11. Nbd2 h6 12. Qc2 Re8 13. h3 Be6 14. b4 Rc8 15. Qb3 a6 16. b5 axb5 17. Qxb5 Qc7 18. Rfb1 Ne7 19. Rb3 Nf5 20. Bxf5 Bxf5 21. Qxb7 Qxb7 22. Rxb7 Rxc3 23. Ne5 Be6 24. Rb6 Bc7 25. Rb7 Ne4 26. Nxe4 dxe4 27. Raa7 Bb8 28. Ra8 Rcc8 29. Ra6 Bxe5 30. dxe5 Bd5 31. Rba7 Ra8 32. Rxa8 Rxa8 33. Rxa8+ Bxa8 1/2-1/2

[Event "Suvorov"]
[Site "Suvorov"]
[Date "2012.06.27"]
[Round "14"]
[White "Shestakov, Sergei S"]
[Black "Ibrahimov, Rasul"]
[Result "0-1"]
[WhiteElo "2335"]
[BlackElo "2516"]
[PlyCount "94"]
[EventDate "2012.06.19"]
[EventType "tourn"]
[EventRounds "15"]
[EventCountry "RUS"]
[EventCategory "6"]
[SourceTitle "EXT 2013"]
[Source "ChessBase"]
[SourceDate "2012.11.22"]
[SourceVersion "1"]
[SourceVersionDate "2012.11.22"]
[SourceQuality "1"]

1. d4 d6 2. c4 Nf6 3. Nc3 e5 4. Nf3 Nbd7 5. g3 Be7 6. Bg2 0-0 7. 0-0 c6 8. e4 Re8 9. Qc2 a5 10. h3 Qc7 11. Be3 Bf8 12. Rfd1 exd4 13. Nxd4 Nc5 14. b3 g6 15. Kh2 Bg7 16. f3 Nfd7 17. Qd2 Ne5 18. Rab1 Ne6 19. Nxe6 Bxe6 20. f4 Nd7 21. Rbc1 Bf8 22. Bg1 Nc5 23. f5 Bc8 24. Qf4 Qe7 25. Bd4 a4 26. b4 Nd7 27. a3 Ne5 28. Bf1 Qf6 29. g4 gxf5 30. gxf5 Bh6 31. Qg3+ Kh8 32. Rc2 Rg8 33. Qf2 Bg5 34. Ne2 Qh6 35. Bg2 f6 36. Kh1 Ng4 37. Qf3 Be3 38. Bxf6+ Nxf6 39. Rxd6 Bg5 40. e5 Qf8 41. Rd4 Qe7 42. exf6 Qxf6 43. Rc3 Bxf5 44. Rd1 Raf8 45. Nd4 Rd8 46. Nxf5 Rxd1+ 47. Qxd1 Qxc3 0-1

[Event "Suvorov"]
[Site "Suvorov"]
[Date "2012.06.26"]
[Round "12"]
[White "Babayev, Talib"]
[Black "Ibrahimov, Rasul"]
[Result "0-1"]
[WhiteElo "2370"]
[BlackElo "2516"]
[PlyCount "66"]
[EventDate "2012.06.19"]
[EventType "tourn"]
[EventRounds "15"]
[EventCountry "RUS"]
[EventCategory "6"]
[SourceTitle "EXT 2013"]
[Source "ChessBase"]
[SourceDate "2012.11.22"]
[SourceVersion "1"]
[SourceVersionDate "2012.11.22"]
[SourceQuality "1"]

1. e4 d6 2. d4 g6 3. Nc3 Bg7 4. Nf3 a6 5. Be2 b5 6. 0-0 Bb7 7. a3 Nd7 8. Be3 c5 9. dxc5 Nxc5 10. a4 Bxc3 11. bxc3 Nxa4 12. c4 Nc3 13. Qe1 b4 14. e5 dxe5 15. Nxe5 Qc7 16. Bf4 Qc5 17. Bd3 Nf6 18. Bh6 Nfe4 19. Ng4 f5 20. Ne3 a5 21. f3 Nf6 22. Kh1 a4 23. Nd1 Nxd1 24. Rxd1 a3 25. Rf2 Kf7 26. Re2 Rhe8 27. Re5 Qc7 28. Bf4 a2 29. Rxf5 Bxf3 30. Bxc7 Bxd1 31. Be5 gxf5 32. Qxd1 Ng4 33. Bd4 Nf2+ 0-1